| 000 | 00654cam a2200181 i 4500 | ||
|---|---|---|---|
| 005 | 20251113084445.0 | ||
| 008 | 250721s1993 xx gr 000 0 ara d | ||
| 082 | 1 | 4 |
_a209.561 _bح س ن |
| 100 | 1 |
_aحداد، حسني. _eمؤلف. |
|
| 245 | 1 | 0 |
_aبعل هداد : _bدراسة في التاريخ الديني السوري / _cد.حسني حداد، د.سليم مجاعص. |
| 250 | _aالطبعة الاولى. | ||
| 264 | 3 | 1 |
_bدار امواج، _c1993. _a{غير معرف}. |
| 300 | _a246 صفحة. | ||
| 650 | 1 | 7 | _aتاريخ سورية القديم. |
| 700 | 1 |
_aمجاعص، سليم. _eمؤلف. |
|
| 942 |
_2ddc _cBK |
||
| 999 |
_c286 _d286 |
||